| 000 | 00400nam a22001697a 4500 | ||
|---|---|---|---|
| 003 | NUST - PNEC | ||
| 005 | 20170116180948.0 | ||
| 008 | 150908b xxu||||| |||| 00| 0 eng d | ||
| 020 | _a- | ||
| 040 | _cLIBRARY | ||
| 082 | _a621.381 GOO | ||
| 100 |
_99025 _aGoodlet, B. L. |
||
| 245 |
_aBasic electronics _cB. L. Goodlet |
||
| 260 | _cc.1955 | ||
| 650 |
_99027 _aElectronics _yEE |
||
| 942 |
_2ddc _cBK |
||
| 999 |
_c66342 _d66342 |
||